| 000 | 01203cam a22003135i 4500 | ||
|---|---|---|---|
| 999 |
_c28596 _d28567 |
||
| 001 | 015500702 | ||
| 003 | EG-ScBUE | ||
| 005 | 20200825120207.0 | ||
| 008 | 091029s2011 nyuab f b 001 0 eng d | ||
| 020 | _a9780071289504 | ||
| 020 | _a007128950X | ||
| 040 |
_aStDuBDS _beng _erda _cStDuBDS _dUk _dEG-ScBUE |
||
| 082 | 0 | 4 |
_a658.4012 _bPEA _222 |
| 100 | 1 | 0 |
_aPearce, John A., _eauthor. |
| 245 | 1 | 0 |
_aStrategic management : _bformulation, implementation, and control / _cJohn A. Pearce II, Villanova School of Business, Villanova University, Richard B. Robinson, Jr., Moore School of Business, University of South Carolina. |
| 250 | _aTwelfth edition. | ||
| 250 | _aInternational edition. | ||
| 264 | 1 |
_aNew York : _bMcGraw-Hill Education, _c2011. |
|
| 300 |
_a1 volume (various pagings) : _billustrations, maps ; _c27 cm |
||
| 336 |
_atext _btxt _2rdacontent |
||
| 337 |
_aunmediated _bn _2rdamedia |
||
| 338 |
_avolume _bnc _2rdacarrier |
||
| 500 | _aIncludes glossary. | ||
| 504 | _aIncludes bibliographical references and indexes. | ||
| 650 | 7 |
_aStrategic planning. _2BUEsh |
|
| 653 |
_bBUSADM _cAugust2020 |
||
| 700 | 1 |
_aRobinson, Richard B. _q(Richard Braden), _d1947- _eauthor. |
|
| 942 |
_2ddc _cBB |
||